000 00483nam a22001937a 4500
003 OSt
005 20140310181735.0
008 130319t xxu||||| |||| 00| 0 eng d
020 _a971081348X
050 _aPL 5531.6
_bSi587 1981
082 _aTR 158
_bSi3 1981
245 _aBook of tips /
_cJulio F. Silverio.
260 _aManila
_bNational Book Store
_cc1981
300 _a334 p.
_c17 cm.
521 _aFaculty
541 _j1
562 _e1
942 _2lcc
_cBK-TR
_kTR
999 _c2544
_d2544